Statistics for Portugal World Cup 2014 squad

Click here to take the quiz!

General Stats

  • This quiz has been taken 708 times
    (658 since last reset)
  • The average score is 14 of 24

Answer Stats

% Correct
FWCristiano RonaldoReal Madrid
99%
DFPepeReal Madrid
91%
FWNaniManchester United
91%
DFFabio CoentraoReal Madrid
82%
MDJoao MoutinhoAS Monaco
77%
GKRui PatricioSporting Lisbon
75%
DFBruno AlvesFenerbahçe
71%
GKBetoFC Sevilla
65%
MDRaul MeirelesFenerbahçe
59%
MDWilliam CarvalhoSporting Lisbon
57%
FWHugo AlmeidaBesiktas
55%
MDMiguel VelosoDynamo Kiev
52%
FWEderBraga
51%
DFRicardo CostaFC Valencia
50%
DFAndre AlmeidaBenfica
50%
FWHelder PostigaLazio Roma
47%
FWSilvestre VarelaFC Porto
47%
GKEduardoBraga
46%
DFJoao PereiraFC Valencia
44%
COACHPaulo Bento/
43%
FWRafa SilvaBraga
41%
DFNetoZenit St Petersburg
39%
FWVieirinhaWolfsburg
35%
MDRuben AmorimBenfica
26%

Score Distribution

Percentile by Number Answered

Percent of People with Each Score

Your Score History

You have not taken this quiz since the last reset